000 00306nam a2200121Ia 4500
008 180117s9999 xx 000 0 und d
100 _aby Art Sta Ana
245 2 _aA Homeless Christmas
260 _c2016
300 _a10-14 pages, 2016 December 25
440 _aPhilippine Panorama
650 _aHOMELESS
999 _c353473
_d353473